| 000 | 00597nam a22001697a 4500 | ||
|---|---|---|---|
| 005 | 20151210111002.0 | ||
| 008 | 151207b xxu||||| |||| 00| 0 eng d | ||
| 050 |
_aE99.W7 _bR117 1954 |
||
| 100 |
_aRadin, Paul _921222 |
||
| 245 |
_aThe evolution of an American Indian Prose epic _ba study in comparative literature _cby Radin, Paul |
||
| 260 |
_aBasel _bEthnographical Museum _c1954-1956 |
||
| 300 |
_a148p.; _c24cm. |
||
| 440 |
_aBollingen Foundation _nNo.3 _921309 |
||
| 650 |
_aWinnebago Indians _921223 _xLegends |
||
| 650 |
_aWinnebago language _921224 _xtexts |
||
| 942 |
_2lcc _cMONOGRAPH |
||
| 999 |
_c123835 _d123835 |
||